00665cam a2200205 a 4500001001300000003000400013005001700017008004100034010001700075040004600092050002200138100003400160245005800194260004300252300002100295561000800316700005100324710006700375999001700442w 09000160 DLC20260227112806.0000912s1909 nyu 000 0 eng c aw 09000160  aWashington, D.C. Public LibrarycDLCdDLC00aPR4787b.A7 1909b1 aHewlett, Maurice,d1861-1923.10aArtemision :bidylls and songs /cby Maurice Hewlett. aNew York :bC. Scribner's Sons,c1909. a124 p. ;c17 cm. 5DLC1 aRogers, Bruce,d1870-1957,eformer owner.5DLC2 aPforzheimer Bruce Rogers Collection (Library of Congress)5DLC c91887d91887